=LDR 00000nam 2200000 4500 =001 INLIS000000000033262 =005 20150207122409.0 =006 =007 =008 ind =035 ##$$0010-061300000033262 =041 ##$$a ind =082 ##$$a 343.032 =090 ##$$a 343.032, Sai h =100 ##$$a Saidi, Muhammad Djafar =245 ##$$a Hukum keuangan negara, Muhammad djafar saidi =260 ##$$a 2008 $b Jakarta =300 ##$$a viii,169 hlm, 21 cm =650 ##$$a Hukum Keuangan Negara =850 ##$$a NBPNMAT =990 ##$$a 0001/BPAP-NTB/20142014 =990 ##$$a 0001/BPAP-NTB/20142015 =990 ##$$a 0001/BPAP-NTB/20142015 =990 ##$$a 0001/BPAP-NTB/2016